Tales of Shakespeare

Bibliographic Details
Format: Book
Published: Leicester : Magna Books , 1992
Subjects:

MARC

LEADER 00000cam a2200000 7i4500
001 0000008536
002 000009304
005 20000330.0
020 |a 1854223380 
090 0 0 |a JF   |b MAG 
245 1 0 |a Tales of Shakespeare   |c E. Nesbit 
260 |a Leicester :   |b Magna Books ,   |c 1992 
300 |a 104 p. :   |b ill. ;   |c 23 cm. 
650 0 0 |a Children's stories 
999 |a 029037   |b BUKU   |c PINJAMAN   |e PERPUSTAKAAN KOMUNITI PETALING JAYA